The Universe (Record no. 14622)

MARC details
000 -LEADER
fixed length control field 00668nam a2200217Ia 4500
003 - CONTROL NUMBER IDENTIFIER
control field IN-BaIIA
008 - FIXED-LENGTH DATA ELEMENTS--GENERAL INFORMATION
fixed length control field 211028s9999 xx 000 0 eng d
020 ## - INTERNATIONAL STANDARD BOOK NUMBER
International Standard Book Number 0-7923-6210-1
040 ## - CATALOGING SOURCE
Transcribing agency IIA Library
080 ## - UNIVERSAL DECIMAL CLASSIFICATION NUMBER
Universal Decimal Classification number 52(082.1)
Item number ASS-244
245 #4 - TITLE STATEMENT
Title The Universe
Remainder of title visions and perspectives
Statement of responsibility, etc. edited by Naresh Dadhich and Ajit Kembhavi
260 ## - PUBLICATION, DISTRIBUTION, ETC.
Place of publication, distribution, etc. Dordrecht
Name of publisher, distributor, etc. Kluwer Academic
Date of publication, distribution, etc. 2000
300 ## - PHYSICAL DESCRIPTION
Extent xi, 343p.
490 ## - SERIES STATEMENT
Series statement Astrophysics and space science library; v. 244
650 ## - SUBJECT ADDED ENTRY--TOPICAL TERM
Topical term or geographic name entry element Cosmology
650 ## - SUBJECT ADDED ENTRY--TOPICAL TERM
Topical term or geographic name entry element Infrared galaxies
9 (RLIN) 26043
650 ## - SUBJECT ADDED ENTRY--TOPICAL TERM
Topical term or geographic name entry element Quantum mechanics
700 ## - ADDED ENTRY--PERSONAL NAME
Personal name Dadhich, Naresh, ed.
9 (RLIN) 26044
700 ## - ADDED ENTRY--PERSONAL NAME
Personal name Kembhavi, Ajit., ed.
9 (RLIN) 26045
942 ## - ADDED ENTRY ELEMENTS (KOHA)
Koha item type Books
Holdings
Withdrawn status Lost status Damaged status Not for loan Home library Current library Shelving location Date acquired Source of acquisition Cost, normal purchase price Total Checkouts Full call number Barcode Date last seen Cost, replacement price Price effective from Koha item type Purchase Price
        IIA Library-Bangalore IIA Library-Bangalore General Stacks 07/05/2002 GANESH 5930.65   52(082.1)/ ASS-244 15544 05/11/2021 5930.65 07/05/2002 Books Rs. 5930.65

Powered by Koha